|
|
|
|
| LEADER |
00831cam a2200229 i 4500 |
| 008 |
760430s1975 enk b 001 0 eng |
| 010 |
|
|
|a 76360074
|
| 015 |
|
|
|a GB75-17727
|
| 020 |
|
|
|a 0333142071:
|c £5.95
|
| 082 |
0 |
0 |
|a 823/.7
|a B
|
| 100 |
1 |
|
|a Bush, Douglas,
|
| 245 |
0 |
0 |
|a Jane Austen /
|c Douglas Bush.
|
| 260 |
|
|
|a London :
|b Macmillan,
|c 1975.
|
| 300 |
|
|
|a xv, 205 p. ;
|c 22 cm.
|
| 490 |
0 |
|
|a Masters of world literature series
|
| 504 |
|
|
|a Includes bibliographies and index.
|
| 600 |
1 |
0 |
|a Austen, Jane,
|d 1775-1817.
|
| 650 |
|
0 |
|a Novelists, English
|y 19th century
|v Biography.
|
| 906 |
|
|
|a 7
|b cbc
|c orignew
|d 3
|e ncip
|f 19
|g y-gencatlg
|
| 942 |
|
|
|c BK
|
| 999 |
|
|
|c 199035
|d 199035
|
| 952 |
|
|
|0 0
|1 0
|4 0
|6 823_700000000000000_BUS_J
|7 0
|9 220233
|a ENG
|b ENG
|c ST1
|d 2017-05-05
|i 12604
|l 1
|m 1
|o 823.7 BUS/J
|p ENG12604
|r 2019-12-12
|s 2019-10-10
|w 2018-08-21
|y BK
|